000 00768nam a22002177a 4500
999 _c13578
_d13578
003 AR-CdUCM
008 190415b ||||| |||| 00| 0 spa d
020 _a84-7232-607-I
040 _aMUNICIPALIDAD PROVINCIAL DEL CUSCO
_cBIBLIOTECA MUNICIPAL DEL CUSCO
082 _a972.85 /
_bP45
100 _aPérez Carrera, José Manuel
_932039
245 _aEl gueguence /
260 _aMadrid :
_bCultura hispánica,
_c1991.
300 _a90 páginas ;
_c22 cm.
440 _aBiblioteca literaria iberoamericana y filipinas ;
_n15
_932040
505 _aContenido: La comedia maestra de la nicaragua colonial -- Sinopsis del El gueguence ...
650 _aLiteratura nicaraguense
_932041
650 _aSiglo XVII.
_92242
942 _2ddc
_cLIBROS
945 _aacv
_d2019-04-15